000 00254 a2200097 4500
001 15097
100 _aDonnely Des
245 _aThe march wind explorations behind the iron curtain
260 _aLondon
_bOxford university press
_c
090 _c11848
_d11848
942 _aNUST-CAE
_cM
_c2056
999 _c250170
_d250170